000 00754cam a2200217 4500
001 J100745
008 000000n1999 000 0 eng u
035 _a(Sirsi) u100083
041 0 _aeng
050 0 4 _a306.0212 $2 18
110 1 _aUnited Kingdom
_bDepartment of the Environment, Transport and the Regions
_93507
245 0 0 _aHousing and construction statstics Great Britain
_bpart one
_bMarch quarter 1999
260 _aLondon
_bDETR
_c1999
300 _a18p.
_c30cm.
650 2 4 _aDCLG HOUSING AND CONSTRUCTION STATISTICS
651 4 _aGREAT BRITAIN
690 _aPROPERTY-RESIDENTIAL PROPERTY-RESIDENTIAL PROPERTY DEVELOPMENT
710 1 _aUnited Kingdom
_bScottish Office
_91510
710 1 _aUnited Kingdom
_bWelsh Office
_91214
942 _n0
999 _c99581
_d99581